| 000 | 00370 a2200121 4500 | ||
|---|---|---|---|
| 001 | ART_5842 | ||
| 005 | 20260410161618.0 | ||
| 008 | 260409a | ||
| 245 | 1 | 0 | _aUtilización de precios de transferencia para mejorar la gestión |
| 100 | 1 | _aDi Stefano, Victorio | |
| 700 | 1 | _aAlderete, Verónica P. | |
| 773 | 0 |
_tEnfoques _g- Nº 5 (may. 2007) _wREV416 |
|
| 999 |
_c11238 _d11238 |
||